000 00848nam a22002055i 4500
001 153724
003 ES-MaACL
005 20250827062627.0
008 981204s1863 sp |||| | spa d
040 _aCCPB | B
_bspa
_cCCPB | B
110 1 _aEspaña
_93622
240 1 0 _aLeyes, etc., de propiedad intelectual
245 1 0 _aLegislación de la propiedad literaria en España
_b: precedida de las discusiones habidas en las cortes con motivo de la ley de 10 de junio de 1847, y seguida de notas y comentarios por un abogado de esta corte.
260 _aMadrid :
_bLibrería de Moya y Plaza,
_c1863 (
_fImprenta de Matute y Compagni)
300 _a268 p. ;
_c22 cm.
650 0 4 _aPropiedad intelectual-
_zEspaña
_916489
852 _aES-MaACL
_jF-1828
_z-- Rust.
852 _aES-MaACL
_jC-3465
_z-- Rúst.
999 _c153724
_d153724